| 000 | 01831nam a2200397 i 4500 | ||
|---|---|---|---|
| 999 |
_c46762 _d46762 |
||
| 001 | 768714001 | ||
| 003 | CO-MdFUSB | ||
| 005 | 20200528122750.0 | ||
| 007 | ta | ||
| 008 | 180206t1985 -usa|||g |||| 00| 0 eng d | ||
| 020 | _a080061836X | ||
| 040 |
_aCO-MdFUSB _bspa _cCO-MdFUSB _dCO-MdFUSB _erda |
||
| 041 | _aeng | ||
| 082 |
_223 _a261.873 _bH474c |
||
| 100 | 1 |
_aHelgeland, John _eautor |
|
| 242 | 0 | 0 |
_aCristianos y militares _lInglés |
| 245 | 0 | 0 |
_aChristians and the military _c/ John Helgeland , Robert J. Daly , J. Patout Burns ; editado por Robert J. Daly |
| 264 | 1 |
_aPhiladelphia, Pennsylvania : _bFortress Press; _c[1985] |
|
| 264 | 4 | _c©1985 | |
| 300 |
_a101 páginas _c22 cm. |
||
| 336 |
_2rdacontent _atexto _btxt |
||
| 337 |
_2rdamedia _asin mediación _bn |
||
| 338 |
_2rdacarrier _avolumen _bnc |
||
| 501 | _aIncluye índice (p. 97-101) | ||
| 504 | _aIncluye Bibliografía (páginas. 94- 96) | ||
| 505 | _aEl trasfondo no cristiano y la situación política de la vida del Jesús histórico - El trasfondo del Nuevo Testamento - Tertuliano - La legión que truena - Hipólito - Orígenes - Los evangelios apócrifos -La religión del ejército romano - Los mártires militares - Eusebio - Ambrosio y Agustín | ||
| 505 | 0 | 0 | _aThe non-Christian background and the political situation of the life of the historical Jesus -- The New Testament background -- Tertullian -- The thundering legion -- Hippolytus -- Origen -- The Apocryphal Gospels -- Roman army religion -- The military martyrs -- Eusebius -- Ambrose and Augustine. |
| 563 | _aRústico | ||
| 650 | 0 |
_91267 _aGuerra _xAspectos religiosos |
|
| 700 |
_93968 _aDaly, Robert J., _eautor |
||
| 700 |
_93969 _aBurns, J. Patout _eautor |
||
| 700 |
_93968 _aDaly, Robert J., _eeditor |
||
| 942 | _cBK | ||
| 945 | _aJTF-925 | ||